Przystanki autobusu 87 szczecin - Statystyki

Ogólne statystyki
  • Ten quiz został rozwiązany 12 razy
  • Średni wynik to 16 z 23
Statystyki odpowiedzi
1 Przystanki % Poprawnych
11 Kołłątaja
100%
13 Dworzec Niebuszewo
91%
12 Niemcewicza
91%
6 Plac Szarych Szeregow
91%
23 Podbórz
91%
19 Warszewo Kościól
91%
3 Brama Portowa
82%
16 Duńska
82%
7 Felczaka
82%
14 Krasińskiego Wiadukt
82%
15 Łabędzia
82%
17 Złotowska
82%
4 Plac Zwyciestwa
73%
21 Podbórzańska Ogrody
73%
8 Urząd Miasta
73%
18 Wapienna
73%
10 Wąska Floating Arena
73%
2 Plac Tobrucki
64%
5 Plac Zgody
55%
20 Miłosza Szkoła
45%
22 Morelowa
36%
1 SKM Dworzec Główny Owocowa
36%
9 Odwążna
0%
Nie znaleziono quizów pasujących do podanych kryteriów
Rozkład punktacji
Procent ludzi z każdym wynikiem
Percentyl według liczby udzielonych odpowiedzi
Twoja historia wyników
Nie rozwiązałeś tego quizu